000 00719nam a2200217Ii 4500
003 JO-AjNU
008 230605s9999||||xx |||||||||||||| ||und||
017 _a2011/10/3854
020 _a978-9957-597-02-3
040 _aJO-AjNU
_bara
_erda
_cJO-AjNU
041 _aara
050 1 4 _aPJ7960.A22 2015
100 3 _aربابعة، شفيق أحمد,
_eauthor
_951745
245 0 0 _aأعذب القصيد من القديم والجديد
264 3 1 _aعمان: دار امجد للنشر والتوزيع، 2015
300 _a173ص
336 _atext
_btxt
_2rdacontent
337 _aunmediated
_bn
_2rdamedia
338 _avolume
_bnc
_2rdacarrier
650 4 _aالشعر العربي - العصر الحديث
_951746
999 _aA22881
_c26449
_d26449